Stasera amore : le storie di sesso e sentimento di molti italiani che avete visto su Retequattro /
Saved in:
| Hovedforfatter: | |
|---|---|
| Andre forfattere: | |
| Format: | Bog |
| Sprog: | italiensk |
| Udgivet: |
Milano :
A. Mondadori,
1983
|
| Serier: | Oscar. Documenti ;
115 |
| Fag: | |
| Tags: |
Ingen Tags, Vær først til at tagge denne postø!
|
MARC
| LEADER | 00000nam a22000007i 4500 | ||
|---|---|---|---|
| 001 | IT\ICCU\SBL\0314362 | ||
| 003 | ItRI | ||
| 005 | 20250910145236.0 | ||
| 008 | 910930s1983 it |||||| ||||| |||||c | ||
| 015 | |2 IT |a 8310699 | ||
| 040 | |b ita |c ct | ||
| 041 | 7 | |a ita |2 ISO-639-2 | |
| 082 | |a 301.41 |2 18 | ||
| 100 | 1 | |a Costanzo, Maurizio |0 IT\ICCU\CFIV\010087 |4 aut | |
| 245 | 1 | 0 | |a Stasera amore : |b le storie di sesso e sentimento di molti italiani che avete visto su Retequattro / |c Maurizio Costanzo ; da un'idea di Aurelio De Laurentiis. |
| 260 | |a Milano : |b A. Mondadori, |c 1983 | ||
| 300 | |a XI, 242 p. ; |c 18 cm. | ||
| 650 | 7 | |a Italiani |x Comportamento sessuale |x Interviste |2 scbi | |
| 700 | 1 | |a De Laurentiis, Aurelio |0 IT\ICCU\RMLV\235571 | |
| 830 | 0 | |a Oscar. Documenti ; |v 115 |0 IT\ICCU\CFI\0000306 | |
| 942 | |2 ddc |c BK | ||
| 952 | |0 0 |1 0 |2 ddc |4 0 |6 B_SSA03COSMASTA11 |7 0 |9 5653 |a MI |b MI |d 1989-02-06 |i 1556 |l 0 |o B-SSA03-COSMA-STA11 |p CDOM1556 |r 2025-07-13 16:28:00 |w 2025-07-13 |x ACQUISTO |y BK | ||
| 981 | 1 | |6 z01 |a i |b xxxe | |
| 982 | 1 | |6 z01 |a n | |
| 999 | |c 4503 |d 4503 | ||